000 01457 a2200241 4500
001 119
005 20260407155412.0
008 260407a2006 arg spa d
003 AR-UNSa-BCEJYS
040 _aAR-UNSa-BCEJYS
_bspa
_cAR-UNSa-BCEJYS
080 _a657
_xContabilidad
245 1 0 _aConociendo la contabilidad
_pincluye la "teoría del balance"
020 _a978-987-1140-40-4
250 _a2a. ed
264 1 _aBuenos Aires :
_bOsmar D. Buyatti
_c2006
300 _a410 p.
_c22 cm
505 _a1. Los agentes económicos 2. La contabilidad en el tiempo 3. Las normas contables. Las organizaciones profesionales 4. Teoría del balance 5. Naturaleza y definiciones de la contabilidad. La contabilidad como mensaje cifrado 6. Sujeto, objeto y objetivo de la contabilidad. Los usuarios . Funciones de la contabilidad 7. La igualdad fundamental contable. Las formas de registrar en el SIC 8. El devengo y las variaciones patrimoniales. Apropiaciones de resultados al ejercicio contable 9. El proceso contable 10. Revelación y documentación respaldatoria 11. Clasificación. Las Cuentas en contabilidad 12. Valuación (Medición contable) 13. Registración 14. Hoja de trabajo (pre-balance) 15. Exposición
041 _aspa
942 _cBK
590 _aniveau_biblio:m niveau_hierar:0
100 1 _aTelese, Miguel
856 4 1 _uhttps://biblioeco.unsa.edu.ar/pmb/images/libros/Conociendo la contabilidad-l118002.jpg
_yImagen de portada
_qimage/jpeg
999 _c91
_d91